000 00402nam a2200145Ia 4500
008 090123s9999 xx 000 0 und d
082 _b25632
245 _aनागराज का अंत
250 _a0
260 _bराज पॉकेट बुक्स
300 _a58
630 _aनागराज का अंत
730 _aनागराज का अंत
942 _cBOOK
999 _c63703
_d63703